Vvodnyje lekcii po prikladnoj matematike
Saved in:
| Main Authors: | , |
|---|---|
| Format: | Book |
| Language: | Russian |
| Published: |
Moskva :
Nauka,
1984
|
| Tags: |
No Tags, Be the first to tag this record!
|
MARC
| LEADER | 00000nam a22000003a 4500 | ||
|---|---|---|---|
| 001 | stu125182 | ||
| 005 | 20150617225904.2 | ||
| 008 | 060830s1984------------------------rus-d | ||
| 040 | |a STU |b slo | ||
| 041 | 0 | |a rus | |
| 080 | |a 519.6 | ||
| 100 | 1 | |a Tichonov, Andrej Nikolajevič |4 aut | |
| 245 | 1 | |a Vvodnyje lekcii po prikladnoj matematike | |
| 260 | |a Moskva : |b Nauka, |c 1984 | ||
| 300 | |a 190 s | ||
| 700 | 1 | |a Kostomarov, Dmitrij P. |4 aut | |
| 996 | |b E56232 |c E*56232 |l EE03 |s P |a 0 |w stu125182_0002 | ||